Statystyki dla Co było pierwsze?

Kliknij tutaj aby rozwiązać quiz!

Ogólne statystyki

  • Ten quiz został rozwiązany 134 razy
  • Średni wynik to 6 z 15

Statystyki odpowiedzi

ZagadnienieOdpowiedź% Poprawnych
Piłka nożna, piłka ręczna, czy siatkówka?Piłka nożna
76%
Helikopter, samolot, czy balon(do latania)?Balon
68%
Kalwinizm, Anglikanizm, czy Luteranizm?Luteranizm
58%
Norwegia, Finlandia, czy Islandia?Norwegia
56%
Kalkulator, komputer, czy lodówka?Lodówka
47%
Opera w Sydney, Świat Walta Disneya, czy Brasilia?Brasilia (stolica Brazylii)
44%
Góra Rushmore, Kanał Panamski, czy Golden Gate?Kanał Panamski
41%
Białoruś, Czechy, czy Chorwacja?Czechy
40%
III Rzesza, ZSRR, czy Watykan?ZSRR
36%
Sagrada Familia, Statua Chrystusa Zbawiciela, czy Statua Wolności?Sagrada Familia
35%
Katedra Notre Dame, Krzywa Wieża w Pizie, czy Alhambra?Krzywa Wieża w Pizie
33%
Stworzenie Adama, Ostatnia Wieczerza, czy Mona Liza?Ostatnia Wieczerza(dzieło)
23%
Austro-Węgry, Cesarstwo Niemieckie, czy Nowa Zelandia?Nowa Zelandia
21%
Szkło, jedwab, czy papier?Szkło
13%
Słuchawki, mikrofon, czy głośniki?Słuchawki
11%

Rozkład punktacji

Percentyl według liczby udzielonych odpowiedzi

Procent ludzi z każdym wynikiem

Twoja historia wyników

Nie rozwiązałeś tego quizu